000 01322cad a22002655a 4500
001 L147464
008 090513s2009 xxkdo f f000 0 eng d
020 _a9781409814108
035 _a(Sirsi) u147464
041 0 _aeng
050 0 4 _a346.410434 $1 8
110 2 _aUnited Kingdom
_bDepartment for Communities and Local Government
_94939
245 0 0 _aRight to enfranchise (RTE) provisions
_bconsultation
_h[electronic resource]
260 _aLondon
_bDCLG
_c2009
505 2 _aSummary of consultation -- Introduction -- Background -- Options for introducing the RTE provisions -- Non-commencement of RTE provisions -- Annexes
520 _aConsultation seeks views on the Government's proposal for the non-implementation and repeal of the right to enfranchise provisions in the 2002 Commonhold and Leasehold Reform Act.
520 _aDeadline for comments is 3 August 2009.
521 _aAdvanced
590 _aKA NTK
650 2 4 _aCOMMONHOLD AND LEASEHOLD REFORM ACT 2002
651 4 _aEngland
_y886-
690 _aPROPERTY-RESIDENTIAL PROPERTY-RESIDENTIAL LANDLORD AND TENANT-RESIDENTIAL LEASES-RESIDENTIAL LEASEHOLD ENFRANCHISEMENT
856 4 0 _uhttps://www.communities.gov.uk/publications/housing/righttofranchiseprovision
_zView the consultation free of charge at www.communities.gov.uk...
942 _n0
999 _c109567
_d109567